Los procesos de la escritura: hacia la producción interactiva de los sentidos

Guardat en:
Dades bibliogràfiques
Autors principals: Jurado Valencia, Fabio (autor), Bustamante Zamudio, Guillermo (Autor)
Format: Llibre
Idioma:espanyol
Publicat: Bogotá Magisterio 1999
Edició:1a. ed
Col·lecció:Colección Mesa Redonda, 35
Matèries:
Etiquetes: Afegir etiqueta
Sense etiquetes, Sigues el primer a etiquetar aquest registre!

MARC

LEADER 00000nam a2200000 a 4500
001 UCI1185
003 CL-VaPUC
008 070622e19990000CK |||||||||||||||||spa|d
020 |a 9582000627 
082 0 4 |a 372.41  |b JUR   |2 21 
100 |a Jurado Valencia, Fabio  |e autor  |9 542654 
700 0 |a Bustamante Zamudio, Guillermo  |e author  |9 521520 
245 1 4 |a Los procesos de la escritura: hacia la producción interactiva de los sentidos 
250 |a 1a. ed 
300 |a 154 p 
942 |c BK 
945 |d 20070622 00:00:00  |a jtorresc 
260 |a Bogotá  |b Magisterio  |c 1999 
650 0 |a Comunicación escrita  |9 345084 
650 0 |a Escritura  |9 264941 
650 0 |a Lectoescritura  |9 309175 
650 0 |a Semiótica  |9 265317 
583 |a last modification  |c 20070622 00:00:00  |k Rodrigo Vera 
490 0 |a Colección Mesa Redonda, 35 
999 |c 326026  |d 326024 
952 |0 0  |1 0  |4 0  |6 372_410000000000000_JUR_1999  |7 0  |8 A  |9 407639  |a BIBEDU  |b BIBEDU  |d 2019-11-22  |i 4346696  |l 1  |o 372.41 JUR 1999  |p 4346696  |r 2022-04-18  |s 2022-04-06  |w 2019-11-22  |y BK  |k EBA